000 00708nam a2200301Ia 4500
001 Z_4206
003 CHAP
008 220113s1985 xx 000 0 und d
010 _a167269
040 _cCHAP
082 _a631.51 F36
100 _aFAO
_9137368
245 _aProcesamiento de semillas de cereales y leguminosas de grano : directrices técnicas /
_cpor FAO
260 _aRoma :
_bFAO,
_c1985
300 _a173 p. ; ilus.
440 _a
500 _a
503 _a
650 _aCereales
_xSemilla
_921465
650 _aLeguminosas
_xSemilla
_965851
650 _aSemillas
901 _a631.51 F36
902 _aA
910 _a1985
942 _c1
942 _cc1
999 _c167269
_d167269